Η νομιμότης των "κυβερνήσεων απελευθερώσεως" και οι συνταγματικές δεσμεύσεις των

Αποθηκεύτηκε σε:
Λεπτομέρειες βιβλιογραφικής εγγραφής
Κύριος συγγραφέας: Δασκαλάκης, Γεώργιος Δ.
Μορφή: Βιβλίο
Γλώσσα:Greek
Δημοσίευση: Αθήναι : [χ.ό.], 1945.
Θέματα:
Ετικέτες: Προσθήκη ετικέτας
Δεν υπάρχουν, Καταχωρήστε ετικέτα πρώτοι!

MARC

LEADER 00000cam a2200000 i 4500
001 1/6355
008 000612s1945 gre d
035 |l 10061903 
040 |a GR-MY-UA  |b gre  |e aacr 
041 0 |a gre 
082 0 |a 340.538 
100 1 |a Δασκαλάκης, Γεώργιος Δ. 
245 1 2 |a Η νομιμότης των "κυβερνήσεων απελευθερώσεως" και οι συνταγματικές δεσμεύσεις των /  |h [ανάτυπο] /   |c Γ. Δ. Δασκαλάκη.  
260 |a Αθήναι :   |b [χ.ό.],   |c 1945.  
300 |a 32 σ.  |c 24 εκ.  
500 |a Ανατύπωσις εκ της Εφημερίδος Ελληνικής και Αλλοδαπής Νομολογίας, Έτος 64ον (Νέας περιόδου 4ον) Ιανουάριος - Ιούλιος 1945 
650 0 0 |a Law  |z Greece  |x History  |y 20th century. 
650 0 0 |a Jurisprudence  |z Greece  |x History. 
651 0 |a Greece  |x Politics and government. 
852 |a INST  |b LESVOS  |e 20000612  |h 340.538 ΔΑΣ  |p 005100020949  |q 005100020949  |t BK  |y 0 
901 |a BIBL1-2000-2 
909 |a Λ  |b 076845 
970 |z 2000/06/ΓΕΩΡΓΙΑ